[Event "Staraya Mayna Sidorov Cup"]
[Site "Staraya Mayna"]
[Date "2018.07.14"]
[Round "8"]
[White "Mylnikov, Dmitry"]
[Black "Afanasiev, Alexander"]
[Result "0-1"]
[WhiteElo "1313"]
[BlackElo "1475"]
[PlyCount "124"]
[EventDate "2018.07.10"]
[EventType "swiss"]
[EventRounds "9"]
[EventCountry "RUS"]
[SourceTitle "EXT 2019"]
[Source "ChessBase"]
[SourceDate "2018.10.10"]
[SourceVersion "1"]
[SourceVersionDate "2018.10.10"]
[SourceQuality "1"]

1. e4 e5 2. Nf3 Qf6 3. Bc4 h6 4. 0-0 Bc5 5. c3 a6 6. d4 exd4 7. cxd4 Ba7 8. e5 Qc6 9. Qb3 Qg6 10. Be3 Ne7 11. Nbd2 0-0 12. Bd3 Qb6 13. Qa3 Nd5 14. Bh7+ Kxh7 15. Qxf8 Nc6 16. Qxf7 Nce7 17. Qh5 Kg8 18. Ne1 d6 19. Qd1 dxe5 20. Nc4 Qe6 21. Nxe5 Nf5 22. Qb3 c5 23. N5d3 Nfxe3 24. fxe3 Qxe3+ 25. Kh1 Qxd4 26. Nf3 c4 27. Nxd4 cxb3 28. Nxb3 Nf6 29. Rac1 Bg4 30. Ne5 Be2 31. Rfe1 Bb5 32. h3 Bf2 33. Red1 Ne4 34. Nf3 Be3 35. Rc7 Nf2+ 36. Kh2 Nxd1 37. Rxb7 Nxb2 38. Nbd4 Bxd4 39. Nxd4 Nd3 40. Ne6 Kh8 41. Rxg7 Rc8 42. Rg6 Rc6 43. Rxh6+ Kg8 44. Rg6+ Kf7 45. Nd8+ Kxg6 46. Nxc6 Bxc6 47. g4 Nb4 48. a3 Nc2 49. h4 Nxa3 50. Kg3 Nc4 51. h5+ Kg5 52. Kf2 Be4 53. Ke2 a5 54. Kd1 a4 55. Kc1 a3 56. h6 Kxh6 57. g5+ Kxg5 58. Kd1 a2 59. Ke2 a1Q 60. Kf2 Qb2+ 61. Ke1 Qg2 62. Kd1 Qd2# 0-1

[Event "Staraya Mayna Sidorov Cup"]
[Site "Staraya Mayna"]
[Date "2018.07.12"]
[Round "4"]
[White "Logunova, Elizaveta"]
[Black "Mylnikov, Dmitry"]
[Result "1-0"]
[WhiteElo "1797"]
[BlackElo "1313"]
[PlyCount "41"]
[EventDate "2018.07.10"]
[EventType "swiss"]
[EventRounds "9"]
[EventCountry "RUS"]
[SourceTitle "EXT 2019"]
[Source "ChessBase"]
[SourceDate "2018.10.10"]
[SourceVersion "1"]
[SourceVersionDate "2018.10.10"]
[SourceQuality "1"]

1. d4 Nf6 2. Nf3 g6 3. Bf4 Bg7 4. e3 d6 5. h3 Nbd7 6. Be2 0-0 7. 0-0 c5 8. c3 b6 9. Nbd2 Bb7 10. Rc1 Nd5 11. Bh2 N5f6 12. b4 Rc8 13. Qb3 Bd5 14. c4 Bb7 15. bxc5 dxc5 16. d5 Ne8 17. e4 Nd6 18. Rcd1 e5 19. dxe6 fxe6 20. Bxd6 e5 21. Bxf8 1-0

[Event "Staraya Mayna Sidorov Cup"]
[Site "Staraya Mayna"]
[Date "2018.07.11"]
[Round "3"]
[White "Mylnikov, Dmitry"]
[Black "Masyukov, Egor"]
[Result "0-1"]
[WhiteElo "1313"]
[BlackElo "1598"]
[PlyCount "78"]
[EventDate "2018.07.10"]
[EventType "swiss"]
[EventRounds "9"]
[EventCountry "RUS"]
[SourceTitle "EXT 2019"]
[Source "ChessBase"]
[SourceDate "2018.10.10"]
[SourceVersion "1"]
[SourceVersionDate "2018.10.10"]
[SourceQuality "1"]

1. e4 e6 2. Nf3 d5 3. exd5 exd5 4. d4 Nf6 5. Be2 Be7 6. 0-0 0-0 7. c3 c6 8. Nbd2 Be6 9. Re1 Nbd7 10. Nf1 Re8 11. Ng3 Bf8 12. Bg5 g6 13. Ne5 Bg7 14. Ng4 h5 15. Nxf6+ Nxf6 16. Nf1 Qb6 17. Bxf6 Bxf6 18. Qb3 Qc7 19. Ne3 Re7 20. Bd3 Rae8 21. Qc2 Kg7 22. Qd2 Bg5 23. Re2 Bg4 24. Ree1 Bf4 25. h3 Bc8 26. Re2 Bxe3 27. Rxe3 Rxe3 28. fxe3 Qg3 29. Re1 Bxh3 30. e4 Bxg2 31. Qxg2 Qxe1+ 32. Qf1 Qxf1+ 33. Kxf1 Rxe4 34. Bxe4 dxe4 35. Ke2 f5 36. c4 Kf6 37. b4 h4 38. a4 h3 39. Kf2 e3+ 0-1